| 000 | 01004nam a2200277 i 4500 | ||
|---|---|---|---|
| 001 | 000049012 | ||
| 003 | DO-SdBNP | ||
| 005 | 20231201133728.0 | ||
| 007 | ta | ||
| 008 | 190715s19-- dr r 000 0 spa d | ||
| 040 |
_aDO-SdBNP _bspa _cBNPHU _erda |
||
| 082 | 4 |
_a305.4209 _bM953 _222 |
|
| 245 | 1 | 4 |
_aLas mujeres / _crecopilación y prólogo, Margaret Randall ; traducción, Alejandro Licona Caldi. |
| 264 |
_aSanto Domingo : _beditor no identificado, _cfecha no identificada. |
||
| 300 |
_a230 páginas ; _c15 cm. |
||
| 336 |
_2rdacontent _atexto _btxt |
||
| 337 |
_2rdamedia _asin mediación _bn |
||
| 338 |
_2rdacarrier _avolumen _bnc |
||
| 500 | _aIncluye referencias bibliográficas y notas al pie de las páginas | ||
| 590 | _aInventariado, 2019/BT | ||
| 650 | 4 |
_aMujeres _xHistoria _yPeriodo moderno, 1600- _982387 |
|
| 700 | 1 |
_aRandall, Margaret, _eprólogo _933024 |
|
| 700 | 1 |
_aLicona Caldi, Alejandro, _etraducción _976435 |
|
| 910 | _aValidado. Control de calidad MFF | ||
| 942 |
_2ddc _cLBS1 |
||
| 999 |
_c48500 _d48500 |
||